LIBRARY & INFORMATION CENTRE, KCAET, TAVANUR

ONLINE PUBLIC ACCESS CATALOGUE (OPAC)

Asan Smarankal / (Record no. 3732)

MARC details
000 -LEADER
fixed length control field 00384cam a2200157ua 4500
041 ## - LANGUAGE CODE
Language code of text/sound track or separate title mal
082 ## - DEWEY DECIMAL CLASSIFICATION NUMBER
Classification number 894.812803
Item number KUN/As
100 ## - MAIN ENTRY--AUTHOR NAME
Personal name Kunhuraman, C V .
245 ## - TITLE STATEMENT
Title Asan Smarankal /
250 ## - EDITION STATEMENT
Edition statement 1 /
260 ## - PUBLICATION, DISTRIBUTION, ETC. (IMPRINT)
Place of publication Kottayam :
Name of publisher National Book Stall ,
Year of publication 1965.
300 ## - PHYSICAL DESCRIPTION
Number of Pages 110 ; .
942 ## - ADDED ENTRY ELEMENTS (KOHA)
Koha item type Books
Holdings
Withdrawn status Lost status Damaged status Home library Current library Date acquired Cost, normal purchase price Full call number Accession Number Koha item type
Withdrawn Lost and Paid For   KAUAET KAUAET 07/04/2012 1.50 894.812803 7495 Books
free website counter